| 000 | 01323cam a22002174a 4500 | ||
|---|---|---|---|
| 005 | 20250605164053.0 | ||
| 008 | 250528s ||||||||||||||||||||||||d | ||
| 035 | _a17367 | ||
| 020 | _a748717447 | ||
| 040 |
_aGR-AtMCL _bgre _dGR-AtMCL _eAACR2 |
||
| 245 | 1 | _aGNVQ Advanced Leisure and Tourism | |
| 260 |
_bStanley Thornes, _c1995 |
||
| 300 | _a320 | ||
| 520 | _aDetailed information on such areas as health and safety, customer service, marketing, information services, teamwork, planning and evaluation. Acknowledgements, Investigating the Leisure and Tourism Industry, Key Definitions and Terminology, Patterns and Trends in Leisure and Tourism, The Impact of the Leisure and Tourism Industry, Working with People, Teamwork, Customer Care, Marketing, Targeting the Market, Providing Management Information Services, Planning and Evaluating Events and Facilities, Planning: Objectives, Planning: Resources, Planning: Constraints, Evaluation Through Research and Data Analysis, Legislation and Regulation, Health and Safety Legislation, Rights and Responsibilities of Employers and Employees and Consumers, Recommended Additional Reading, Glossary, Index. | ||
| 700 | 1 |
_aCampbell William _93518 |
|
| 700 | 1 |
_aHigson Phil _93519 |
|
| 700 | 1 |
_aWard John _91394 |
|
| 942 | _cBK | ||
| 999 |
_c2791 _d2791 |
||